000 01216nam a2200253Ia 4500
999 _c50640
_d50640
001 17590
003 GE_BSU
005 20200220105701.0
008 181216s2012 xx |||||||||||||| ||geo||
020 _a978-9941-17-587-9
040 _cGE_BSU
041 _ageo
080 _a528.9(035) ლ-65
100 _aლიპარტელიანი, გულიკო.
_97196
245 _aგეოგრაფიული კარტოგრაფიის ტერმინოლოგიური ცნობარი /
_cგულიკო ლიპარტელიანი ; დ.ლიპარტელიანი ; რედ. ცარო ვაშაკიძე.
264 _aთბილისი :
_bუნივერსალი,
_c2012.
300 _a250 გვ ;
_b ფოტ;
_c20 სმ.
500 _aსაძიებელი: გვ. 225-249.
653 _aგეოგრაფიული კარტოგრაფია ცნობარები
653 _aგეოგრაფია
700 _a.ლიპარტელიანი, დ
_97197
700 _aვაშაკიძე, ცარო
_eრედაქტორი
_97198
942 _cBK
_2udc